Central Library OPAC University of Rajshahi
Normal view MARC view

Entry Personal Name

Number of records used in: 7

001 - CONTROL NUMBER

  • control field: 11578

003 - CONTROL NUMBER IDENTIFIER

  • control field: BD-RjUL

005 - DATE AND TIME OF LATEST TRANSACTION

  • control field: 20240208145218.0

008 - FIXED-LENGTH DATA ELEMENTS

  • fixed length control field: 240208|| aca||aabn | a|a d

040 ## - CATALOGING SOURCE

  • Original cataloging agency: BD-RjUL
  • Transcribing agency: BD-RjUL

100 ## - HEADING--PERSONAL NAME

  • Personal name: Lawrence, D. H.
  • Fuller form of name: (David Herbert),
  • Dates associated with a name: 1885-1930

670 ## - SOURCE DATA FOUND

  • Source citation: Work cat.: (BD-RjUL)83019: Lawrence, D. H. (David Herbert), 1885-1930, Aaron's rod /, 1954